[Event "chess.com Speed 2019"]
[Site "chess.com INT"]
[Date "2019.11.14"]
[Round "2.17"]
[White "Aronian, Levon"]
[Black "Artemiev, Vladislav"]
[Result "1/2-1/2"]
[WhiteTitle "GM"]
[BlackTitle "GM"]
[WhiteElo "2758"]
[BlackElo "2746"]
[WhiteFideId "13300474"]
[BlackFideId "24101605"]
[EventDate "2019.09.02"]

1. e4 c6 2. Nf3 d5 3. d3 dxe4 4. dxe4 Qxd1+ 5. Kxd1 Nd7 6. Ne1 g6 7. Nd2 f5 8.
exf5 gxf5 9. Nc4 e5 10. Nd3 e4 11. Nf4 b5 12. Ne3 Ne5 13. Bd2 Nf6 14. Bc3 Bd6
15. Ke1 Ke7 16. Rd1 b4 17. Bd2 Rd8 18. Ne2 Bc5 19. Nc1 f4 20. Nc4 Nxc4 21. Bxc4
e3 22. fxe3 fxe3 23. Nd3 exd2+ 24. Rxd2 Rd4 25. Re2+ Kd6 26. Rf1 Ne4 27. Bb3 Bg4
28. Re3 Re8 29. Rf7 Be6 30. Rxh7 Bxb3 31. axb3 Re6 32. Nf4 Rf6 33. Nd3 Bb6 34.
h4 Re6 35. Nf4 Rf6 36. Nd3 Re6 37. Nf4 Rf6 38. Nd3 1/2-1/2

[Event "chess.com Speed 2019"]
[Site "chess.com INT"]
[Date "2019.11.14"]
[Round "2.18"]
[White "Artemiev, Vladislav"]
[Black "Aronian, Levon"]
[Result "1/2-1/2"]
[WhiteTitle "GM"]
[BlackTitle "GM"]
[WhiteElo "2746"]
[BlackElo "2758"]
[WhiteFideId "24101605"]
[BlackFideId "13300474"]
[EventDate "2019.09.02"]

1. e4 e5 2. Bc4 Nc6 3. Nc3 Nf6 4. d3 Na5 5. Qf3 Nxc4 6. dxc4 Bc5 7. Nge2 d6 8.
Ng3 Bg4 9. Qd3 h6 10. O-O Be6 11. b3 a6 12. Be3 Bxe3 13. Qxe3 Ng4 14. Qe2 Qh4
15. h3 Nf6 16. Rad1 O-O 17. a4 g6 18. Qe3 Qg5 19. f4 exf4 20. Rxf4 Nd7 21. Rdf1
Ne5 22. Nge2 h5 23. Kh1 Rae8 24. Qa7 Rb8 25. Qf2 c5 26. Rd1 Rbd8 27. Rf1 Kg7 28.
Kh2 Qh6 29. Qg3 g5 30. Rf6 Qxf6 31. Rxf6 Kxf6 32. Nc1 h4 33. Qf2+ Kg6 34. Nd3
Nxd3 35. cxd3 f5 36. exf5+ Rxf5 37. Qe3 Re5 38. Qf3 d5 39. d4 cxd4 40. Qd3+ Rf5
41. Qxd4 Kf7 42. c5 Rf4 43. Qe5 Rf5 44. Qd4 Rf4 45. Qe5 Rf5 46. Qd4 1/2-1/2

[Event "chess.com Speed 2019"]
[Site "chess.com INT"]
[Date "2019.11.14"]
[Round "2.19"]
[White "Aronian, Levon"]
[Black "Artemiev, Vladislav"]
[Result "0-1"]
[WhiteTitle "GM"]
[BlackTitle "GM"]
[WhiteElo "2758"]
[BlackElo "2746"]
[WhiteFideId "13300474"]
[BlackFideId "24101605"]
[EventDate "2019.09.02"]

1. e4 c5 2. Nf3 d6 3. c3 Nf6 4. Be2 g6 5. O-O Bg7 6. Bb5+ Bd7 7. Bxd7+ Nbxd7 8.
Re1 O-O 9. d4 Rc8 10. Nbd2 cxd4 11. cxd4 Qc7 12. Nb3 Qc2 13. Qe2 Nb6 14. Na5
Qxe2 15. Rxe2 Rc7 16. b3 Rfc8 17. Bd2 Nbd7 18. Rae1 d5 19. Bf4 b6 20. Bxc7 Rxc7
21. exd5 bxa5 22. Rxe7 Nxd5 23. Re8+ Bf8 24. g3 Kg7 25. Rd8 Bb4 26. Re2 N7f6 27.
Re5 Rc1+ 28. Kg2 Rc2 29. Rdxd5 Nxd5 30. Rxd5 Rxa2 31. Rd7 Rb2 32. Ne5 Kf6 33.
Rxf7+ Ke6 34. Rxa7 Rxb3 35. Nc6 Rd3 36. Rxh7 Kd5 37. Nxb4+ axb4 38. Rb7 Rxd4 39.
h4 Kc4 40. Rb6 b3 41. Rxg6 Rd5 42. Re6 b2 43. Re1 Rb5 44. Rb1 Kc3 45. g4 Kc2 46.
Rf1 b1=Q 47. Rxb1 Rxb1 48. h5 Kd3 49. g5 Ke4 50. g6 Kf5 51. f4 Rb7 52. Kg3 Rc7
53. Kg2 Kf6 54. Kg3 Rc1 55. Kg2 Rd1 56. Kh2 Rf1 57. Kg3 Kf5 58. Kg2 Rxf4 59. Kh3
Rg4 0-1

[Event "chess.com Speed 2019"]
[Site "chess.com INT"]
[Date "2019.11.14"]
[Round "2.21"]
[White "Aronian, Levon"]
[Black "Artemiev, Vladislav"]
[Result "1/2-1/2"]
[WhiteTitle "GM"]
[BlackTitle "GM"]
[WhiteElo "2758"]
[BlackElo "2746"]
[WhiteFideId "13300474"]
[BlackFideId "24101605"]
[EventDate "2019.09.02"]

1. e4 c5 2. Nf3 d6 3. d4 cxd4 4. Nxd4 Nf6 5. Nc3 a6 6. f3 Qb6 7. Nb3 e6 8. Bf4
Nbd7 9. Qd2 Qc7 10. O-O-O Ne5 11. Bg5 b5 12. Bxf6 gxf6 13. f4 Nc4 14. Bxc4 bxc4
15. Nd4 Rb8 16. Rhe1 h5 17. Kb1 Qb6 18. b3 Qc5 19. f5 Bh6 20. Qf2 cxb3 21. Rd3
bxc2+ 22. Kxc2 Bd7 23. Qf3 Ba4+ 24. Nb3 Ke7 25. fxe6 fxe6 26. e5 Bxb3+ 27. axb3
dxe5 28. Red1 Rhd8 29. Rxd8 Rxd8 30. Rxd8 e4 31. Qd1 Qc7 32. Rd5 exd5 33. Qxd5
Qxh2 34. Qxe4+ Kf8 35. Nd5 Qd6 36. Qf5 Bg5 37. Kd3 Qb8 38. b4 Qb5+ 39. Kd4 Kg7
40. Qe6 a5 41. Qe7+ Kg6 42. Qf8 Kf5 43. Qc8+ Kg6 44. Qg8+ Kf5 45. Qc8+ Kg6 46.
Qe6 axb4 47. Ne7+ Kh6 48. Qf7 Qe5+ 49. Kc4 Qc3+ 50. Kb5 Qd3+ 51. Ka5 Bh4 52.
Ng8+ Kg5 53. Qxf6+ Kg4 54. Nh6+ Kg3 55. Nf5+ Kxg2 56. Nxh4+ Kh3 57. Nf5 Qa3+ 58.
Kb5 Qd3+ 59. Kxb4 Qe4+ 60. Kc5 Qf4 61. Qg6 Qe5+ 62. Kc4 h4 63. Qg5 Qe4+ 64. Kc3
Qf3+ 65. Kd4 Qg4+ 66. Qxg4+ Kxg4 67. Nxh4 1/2-1/2

[Event "chess.com Speed 2019"]
[Site "chess.com INT"]
[Date "2019.11.14"]
[Round "2.22"]
[White "Artemiev, Vladislav"]
[Black "Aronian, Levon"]
[Result "1-0"]
[WhiteTitle "GM"]
[BlackTitle "GM"]
[WhiteElo "2746"]
[BlackElo "2758"]
[WhiteFideId "24101605"]
[BlackFideId "13300474"]
[EventDate "2019.09.02"]

1. c4 Nf6 2. Nc3 b6 3. e4 e5 4. Nf3 Nc6 5. d4 exd4 6. Nxd4 Bb4 7. Nxc6 dxc6 8.
Qxd8+ Kxd8 9. Bd2 Bxc3 10. Bxc3 Nxe4 11. Bxg7 Re8 12. O-O-O+ Bd7 13. Bd4 c5 14.
Be3 Kc8 15. Bd3 Bc6 16. Rhe1 Kb7 17. f3 Nd6 18. Bf4 h5 19. h4 a5 20. Kc2 a4 21.
Re5 Rxe5 22. Bxe5 Rg8 23. Rd2 Bd7 24. Bh7 Rd8 25. b3 Be6 26. Kc3 Kc6 27. Bc2 Rg8
28. Bh7 Rd8 29. Bf6 Re8 30. Re2 b5 31. Bd3 bxc4 32. bxc4 Rb8 33. Be5 Rb4 34.
Bxd6 cxd6 35. f4 d5 36. f5 dxc4 37. fxe6 cxd3 38. e7 dxe2 39. e8=Q+ Kb6 40. Qxe2
Rxh4 41. Qf2 Rg4 42. Qf6+ Kb5 43. Qf3 f5 44. Qb7+ Ka5 45. a3 h4 46. Qa7+ Kb5 47.
Qb7+ Ka5 48. Qc6 f4 49. Qxc5+ Ka6 50. Qc6+ Ka5 51. Qd5+ Ka6 52. Qe6+ 1-0

[Event "chess.com Speed 2019"]
[Site "chess.com INT"]
[Date "2019.11.14"]
[Round "2.23"]
[White "Aronian, Levon"]
[Black "Artemiev, Vladislav"]
[Result "1-0"]
[WhiteTitle "GM"]
[BlackTitle "GM"]
[WhiteElo "2758"]
[BlackElo "2746"]
[WhiteFideId "13300474"]
[BlackFideId "24101605"]
[EventDate "2019.09.02"]

1. e4 c5 2. Nf3 d6 3. d4 cxd4 4. Nxd4 Nf6 5. Nc3 Bd7 6. Bg5 e6 7. Qd2 h6 8. Bxf6
Qxf6 9. O-O-O a6 10. f4 Nc6 11. Nf3 O-O-O 12. Na4 g5 13. f5 g4 14. Ne1 Qg5 15.
fxe6 fxe6 16. Qxg5 hxg5 17. Nb6+ Kc7 18. Nxd7 Rxd7 19. Be2 g3 20. h3 Bg7 21. Nd3
Ne5 22. Rhf1 Rh6 23. c3 Rf6 24. Nxe5 Rxf1 25. Rxf1 Bxe5 26. Bg4 Bf4+ 27. Kc2 Re7
28. Kd3 d5 29. Re1 Kd6 30. exd5 exd5 31. Rxe7 Kxe7 32. Bc8 b6 33. Bxa6 Kd6 34.
Ke2 Bc1 35. b3 Bb2 36. Kd2 Ba3 37. Kc2 Bc5 38. Kd3 Ke5 39. Ke2 Ke4 40. Bb7 Ke5
41. Kf3 Bf2 42. Kg4 Kf6 43. Bxd5 Be1 44. c4 Bf2 45. b4 Kg6 46. c5 bxc5 47. b5
Kf6 48. b6 c4 49. b7 Ba7 50. Kxg3 c3 51. Be4 Ke5 52. Kf3 Kd4 53. g3 Bb8 54. Bc2 1-0

[Event "chess.com Speed 2019"]
[Site "chess.com INT"]
[Date "2019.11.14"]
[Round "2.24"]
[White "Artemiev, Vladislav"]
[Black "Aronian, Levon"]
[Result "1-0"]
[WhiteTitle "GM"]
[BlackTitle "GM"]
[WhiteElo "2746"]
[BlackElo "2758"]
[WhiteFideId "24101605"]
[BlackFideId "13300474"]
[EventDate "2019.09.02"]

1. b3 Nf6 2. Bb2 c5 3. Nf3 Nc6 4. e3 Qc7 5. d4 cxd4 6. exd4 d5 7. Nbd2 Bf5 8.
Nh4 Be4 9. Nxe4 dxe4 10. Nf5 O-O-O 11. Qd2 e5 12. O-O-O exd4 13. Bb5 Rd5 14.
Bxc6 Rxf5 15. Bxb7+ Kxb7 16. Bxd4 Ba3+ 17. Kb1 Rd8 18. Qe3 Rfd5 19. c3 Bc5 20.
Qe2 Bxd4 21. cxd4 Rxd4 22. Rxd4 Rxd4 23. Rc1 Qb6 24. Qc2 Rd8 25. Qc4 Qe6 26.
Qc7+ 1-0

[Event "chess.com Speed 2019"]
[Site "chess.com INT"]
[Date "2019.11.14"]
[Round "2.25"]
[White "Aronian, Levon"]
[Black "Artemiev, Vladislav"]
[Result "1/2-1/2"]
[WhiteTitle "GM"]
[BlackTitle "GM"]
[WhiteElo "2758"]
[BlackElo "2746"]
[WhiteFideId "13300474"]
[BlackFideId "24101605"]
[EventDate "2019.09.02"]

1. e4 c6 2. Nf3 d5 3. d3 Bg4 4. h3 Bh5 5. Qe2 e6 6. g4 Bg6 7. h4 h6 8. h5 Bh7 9.
g5 hxg5 10. Nxg5 Be7 11. f4 Nd7 12. Bh3 Qa5+ 13. Bd2 Qb6 14. Nc3 d4 15. Nd1 Ngf6
16. Rg1 Bg8 17. f5 e5 18. Bg4 Nxg4 19. Qxg4 Nf6 20. Qg3 Nxh5 21. Qh2 O-O-O 22.
Qxe5 Bxg5 23. Ba5 Bh4+ 24. Ke2 Bf6 25. Bxb6 Bxe5 26. Bxd8 Kxd8 27. Kf3 Nf6 28.
Nf2 g6 29. Rh1 Rxh1 30. Rxh1 gxf5 31. exf5 Ke7 32. Rg1 Bh7 33. Rg5 Nd5 34. Rh5
Nf6 35. Rg5 Nd5 36. Rh5 Nf6 37. Rg5 1/2-1/2

[Event "chess.com Speed 2019"]
[Site "chess.com INT"]
[Date "2019.11.18"]
[Round "2.1"]
[White "Nepomniachtchi, Ian"]
[Black "Ding, Liren"]
[Result "1-0"]
[WhiteTitle "GM"]
[BlackTitle "GM"]
[WhiteElo "2776"]
[BlackElo "2811"]
[WhiteFideId "4168119"]
[BlackFideId "8603677"]
[EventDate "2019.09.02"]

1. e4 e5 2. Nf3 Nc6 3. Bb5 a6 4. Ba4 Nf6 5. O-O Be7 6. Re1 b5 7. Bb3 d6 8. c3
O-O 9. d4 Bg4 10. Be3 exd4 11. cxd4 Na5 12. Bc2 Nc4 13. Bc1 c5 14. d5 Nd7 15. h3
Bxf3 16. Qxf3 Bf6 17. Nc3 b4 18. Nd1 a5 19. Qe2 Ncb6 20. Bd3 a4 21. Rb1 Ne5 22.
Ne3 Nxd3 23. Qxd3 Qd7 24. Ng4 Bd4 25. Be3 h5 26. Nh2 Bf6 27. Nf3 Rfe8 28. b3
axb3 29. axb3 Ra2 30. Bf4 Bc3 31. Re3 c4 32. bxc4 Na4 33. e5 Nc5 34. Qd1 dxe5
35. Bxe5 Qf5 36. Bd4 Rxe3 37. Bxe3 Nd3 38. d6 Bf6 39. d7 Qxd7 40. Rxb4 Qf5 41.
Rb8+ Kh7 42. Rb5 Qe4 43. Nd2 Qg6 44. Qxh5+ Qxh5 45. Rxh5+ Kg6 46. Rd5 Nb4 47.
Rd6 Nc2 48. Ne4 Nxe3 49. fxe3 Rc2 50. Rc6 Kf5 51. Nxf6 gxf6 52. Kf1 Ke5 53. Rc7
Ke4 54. Rxf7 Kxe3 55. Re7+ Kf4 56. Rc7 Kg3 57. Rg7+ Kh2 58. Rg4 f5 59. Rf4 Rc1+
60. Ke2 Rc2+ 61. Kd3 1-0

[Event "chess.com Speed 2019"]
[Site "chess.com INT"]
[Date "2019.11.18"]
[Round "2.2"]
[White "Ding, Liren"]
[Black "Nepomniachtchi, Ian"]
[Result "0-1"]
[WhiteTitle "GM"]
[BlackTitle "GM"]
[WhiteElo "2811"]
[BlackElo "2776"]
[WhiteFideId "8603677"]
[BlackFideId "4168119"]
[EventDate "2019.09.02"]

1. d4 Nf6 2. c4 g6 3. f3 c5 4. dxc5 e6 5. Be3 Na6 6. Nc3 Nxc5 7. Nh3 b6 8. Bd4
Bg7 9. e4 O-O 10. e5 Ne8 11. b4 Na6 12. a3 Nb8 13. Bd3 Nc6 14. Be4 Qc7 15. Bxc6
Qxc6 16. O-O d6 17. exd6 e5 18. Nd5 Qxd6 19. Bb2 Bxh3 20. gxh3 Nf6 21. Re1 Rfe8
22. Qd3 Nxd5 23. Qxd5 Qf6 24. Rad1 Rac8 25. Qe4 Qe6 26. Rd5 Qxh3 27. Red1 Qe6
28. Bc1 Qc6 29. c5 bxc5 30. Rxc5 Qe6 31. Be3 a6 32. Rdc1 h5 33. Qc4 Rxc5 34.
bxc5 Qc6 35. Qe4 Rc8 36. Qxc6 Rxc6 37. Kf2 Bf8 38. Ke2 f5 39. Kd3 Kf7 40. Kc4
Ke6 41. Rb1 f4 42. Bf2 g5 43. h3 e4 44. fxe4 g4 45. hxg4 hxg4 46. Bd4 g3 47. Rf1
Bd6 48. e5 Bxc5 49. Bxc5 g2 50. Rg1 f3 51. Kb4 Rxc5 52. Kxc5 f2 53. Rxg2 f1=Q 0-1

[Event "chess.com Speed 2019"]
[Site "chess.com INT"]
[Date "2019.11.18"]
[Round "2.3"]
[White "Nepomniachtchi, Ian"]
[Black "Ding, Liren"]
[Result "1/2-1/2"]
[WhiteTitle "GM"]
[BlackTitle "GM"]
[WhiteElo "2776"]
[BlackElo "2811"]
[WhiteFideId "4168119"]
[BlackFideId "8603677"]
[EventDate "2019.09.02"]

1. e4 e5 2. Nf3 Nc6 3. Bb5 a6 4. Ba4 Nf6 5. O-O Be7 6. Re1 b5 7. Bb3 O-O 8. d4
d6 9. c3 Bg4 10. Be3 exd4 11. cxd4 Na5 12. Bc2 Nc4 13. Bc1 c5 14. b3 Nb6 15. h3
Bxf3 16. Qxf3 cxd4 17. Bb2 Rc8 18. Bd3 Nbd7 19. Bxd4 Ne5 20. Qd1 Nxd3 21. Qxd3
d5 22. exd5 1/2-1/2

[Event "chess.com Speed 2019"]
[Site "chess.com INT"]
[Date "2019.11.18"]
[Round "2.4"]
[White "Ding, Liren"]
[Black "Nepomniachtchi, Ian"]
[Result "0-1"]
[WhiteTitle "GM"]
[BlackTitle "GM"]
[WhiteElo "2811"]
[BlackElo "2776"]
[WhiteFideId "8603677"]
[BlackFideId "4168119"]
[EventDate "2019.09.02"]

1. d4 Nf6 2. c4 g6 3. f3 c5 4. d5 e6 5. e4 d6 6. Nc3 exd5 7. cxd5 Bg7 8. Nge2
O-O 9. Ng3 a6 10. a4 Nbd7 11. Be2 Ne8 12. O-O Rb8 13. Re1 Bd4+ 14. Kh1 Qh4 15.
Rf1 Ne5 16. f4 Ng4 17. Bxg4 Bxg4 18. Qe1 Nf6 19. e5 Nd7 20. Nce4 dxe5 21. f5 f6
22. Be3 Kh8 23. Bxd4 cxd4 24. Rc1 gxf5 25. Nxf5 Qxe1 26. Rcxe1 Bxf5 27. Rxf5
Rbc8 28. d6 Kg7 29. g4 Kf7 30. Ng5+ Kg6 31. Ne6 Rh8 32. Nc7 h5 33. Nd5 hxg4 34.
Ne7+ Kf7 35. Nxc8 Rxc8 36. Kg2 d3 37. Rf2 Rc4 38. Rd2 Rd4 39. Kf2 f5 40. Rc1 f4
41. Rc7 Ke6 42. Rxb7 e4 0-1

[Event "chess.com Speed 2019"]
[Site "chess.com INT"]
[Date "2019.11.18"]
[Round "2.5"]
[White "Nepomniachtchi, Ian"]
[Black "Ding, Liren"]
[Result "0-1"]
[WhiteTitle "GM"]
[BlackTitle "GM"]
[WhiteElo "2776"]
[BlackElo "2811"]
[WhiteFideId "4168119"]
[BlackFideId "8603677"]
[EventDate "2019.09.02"]

1. e4 c6 2. d4 d5 3. e5 Bf5 4. Nf3 e6 5. c3 Ne7 6. Be2 Nd7 7. Nbd2 h6 8. a4 a5
9. O-O Bh7 10. Ne1 Ng6 11. Bd3 Be7 12. f4 O-O 13. Ndf3 c5 14. g4 cxd4 15. cxd4
Qb6 16. Kh1 f6 17. f5 exf5 18. gxf5 Ngxe5 19. dxe5 fxe5 20. Bb5 Bxf5 21. Qxd5+
Be6 22. Qe4 Nc5 23. Be3 Qxb5 24. Qg6 Qxf1+ 0-1

[Event "chess.com Speed 2019"]
[Site "chess.com INT"]
[Date "2019.11.18"]
[Round "2.6"]
[White "Ding, Liren"]
[Black "Nepomniachtchi, Ian"]
[Result "1/2-1/2"]
[WhiteTitle "GM"]
[BlackTitle "GM"]
[WhiteElo "2811"]
[BlackElo "2776"]
[WhiteFideId "8603677"]
[BlackFideId "4168119"]
[EventDate "2019.09.02"]

1. Nf3 Nf6 2. c4 c5 3. Nc3 Nc6 4. g3 d5 5. d4 e6 6. cxd5 Nxd5 7. Bg2 cxd4 8.
Nxd4 Nxc3 9. bxc3 Nxd4 10. Qxd4 Qxd4 11. cxd4 Bd6 12. a4 Rb8 13. a5 Bd7 14. Be3
a6 15. d5 Bb4+ 16. Bd2 Bxd2+ 17. Kxd2 exd5 18. Bxd5 Bc6 19. Bxc6+ bxc6 20. Rhc1
Kd7 21. Rc2 Rhe8 22. Ra4 Re6 23. Rd4+ Rd6 24. Kc3 Rb5 25. Rcd2 Rxd4 26. Rxd4+
Ke6 27. Re4+ Kd6 28. Rd4+ Ke6 29. Re4+ Kf6 30. Rf4+ Ke6 31. Re4+ 1/2-1/2

[Event "chess.com Speed 2019"]
[Site "chess.com INT"]
[Date "2019.11.18"]
[Round "2.7"]
[White "Nepomniachtchi, Ian"]
[Black "Ding, Liren"]
[Result "1/2-1/2"]
[WhiteTitle "GM"]
[BlackTitle "GM"]
[WhiteElo "2776"]
[BlackElo "2811"]
[WhiteFideId "4168119"]
[BlackFideId "8603677"]
[EventDate "2019.09.02"]

1. e4 e5 2. Nf3 Nc6 3. Bb5 a6 4. Ba4 Nf6 5. O-O Be7 6. Re1 b5 7. Bb3 O-O 8. d4
d6 9. c3 Bg4 10. Be3 Bh5 11. h3 exd4 12. cxd4 Na5 13. Bc2 Nc4 14. Bc1 c5 15. b3
Nb6 16. Nbd2 Rc8 17. a4 bxa4 18. d5 Nfd7 19. bxa4 Bf6 20. Rb1 Bc3 21. Re3 Bxd2
22. Bxd2 Nc4 23. Rc3 Nxd2 24. Qxd2 Bxf3 25. Rxf3 c4 26. Qc3 Rb8 27. Rxb8 Qxb8
28. Rg3 g6 29. Qxc4 Rc8 30. Qb3 Qxb3 31. Bxb3 Rc1+ 32. Kh2 Nc5 33. Re3 a5 34. e5
dxe5 35. d6 Nxb3 36. Rxb3 Rd1 37. Rb5 e4 38. Rxa5 Rxd6 39. Re5 Rd4 40. a5 Ra4
41. g4 h6 42. h4 e3 43. Rxe3 Rxa5 1/2-1/2

[Event "chess.com Speed 2019"]
[Site "chess.com INT"]
[Date "2019.11.18"]
[Round "2.8"]
[White "Ding, Liren"]
[Black "Nepomniachtchi, Ian"]
[Result "0-1"]
[WhiteTitle "GM"]
[BlackTitle "GM"]
[WhiteElo "2811"]
[BlackElo "2776"]
[WhiteFideId "8603677"]
[BlackFideId "4168119"]
[EventDate "2019.09.02"]

1. c4 e5 2. g3 Nf6 3. Bg2 d5 4. cxd5 Nxd5 5. Nf3 Nc6 6. O-O Nb6 7. b3 Be6 8. Bb2
f6 9. Na3 Qd7 10. Nc2 Bh3 11. d4 Bxg2 12. Kxg2 e4 13. Nd2 f5 14. f3 exf3+ 15.
Nxf3 O-O-O 16. Qd3 Be7 17. Rad1 Bf6 18. Ne3 g6 19. Nc4 Rhe8 20. Nce5 Bxe5 21.
dxe5 Qe7 22. Qc2 Nd5 23. Qc1 Qb4 24. Bd4 Qb5 25. Kf2 Ndb4 26. a4 Qd5 27. Qb1 Qe4
28. e3 Qxb1 29. Rxb1 Nd3+ 30. Ke2 Ndxe5 31. Bxe5 Nxe5 32. Nxe5 Rxe5 33. Rfd1 a5
34. Rxd8+ Kxd8 35. Rd1+ Ke7 36. Rd4 Re4 37. Rd5 b6 38. Kd2 h5 39. Rd3 h4 40. Rc3
c5 41. Ke2 hxg3 42. hxg3 Rb4 43. Rd3 Ke6 44. Kf3 c4 45. bxc4 Rxc4 46. Ra3 g5 0-1

[Event "chess.com Speed 2019"]
[Site "chess.com INT"]
[Date "2019.11.18"]
[Round "2.9"]
[White "Nepomniachtchi, Ian"]
[Black "Ding, Liren"]
[Result "1/2-1/2"]
[WhiteTitle "GM"]
[BlackTitle "GM"]
[WhiteElo "2776"]
[BlackElo "2811"]
[WhiteFideId "4168119"]
[BlackFideId "8603677"]
[EventDate "2019.09.02"]

1. e4 e5 2. Nf3 Nc6 3. Bb5 a6 4. Ba4 Nf6 5. O-O Be7 6. Re1 b5 7. Bb3 O-O 8. a4
b4 9. d4 d6 10. dxe5 Nxe5 11. Nxe5 dxe5 12. Qxd8 Rxd8 13. Nd2 Bc5 14. Nf3 Ng4
15. Be3 Bxe3 16. fxe3 Rd6 17. Rad1 Be6 18. Rxd6 cxd6 19. Rd1 Rc8 20. h3 Nxe3 21.
Rxd6 Bxb3 22. cxb3 f6 23. Kf2 Nc2 24. Rxa6 Na1 25. Rb6 Rc2+ 26. Kg3 Rxb2 27.
Rxb4 Rxb3 28. Rxb3 Nxb3 29. Kf2 Nc5 30. a5 Nxe4+ 31. Ke3 Nc5 32. Nd2 Kf7 33. Ne4
Na6 34. Kd3 f5 35. Ng5+ Kg6 36. Ne6 Kf6 37. Nf8 h5 38. Kc4 e4 39. Kd4 g5 40.
Nd7+ Ke6 41. Ne5 h4 42. Nc4 g4 43. hxg4 fxg4 1/2-1/2

[Event "chess.com Speed 2019"]
[Site "chess.com INT"]
[Date "2019.11.18"]
[Round "2.10"]
[White "Ding, Liren"]
[Black "Nepomniachtchi, Ian"]
[Result "1/2-1/2"]
[WhiteTitle "GM"]
[BlackTitle "GM"]
[WhiteElo "2811"]
[BlackElo "2776"]
[WhiteFideId "8603677"]
[BlackFideId "4168119"]
[EventDate "2019.09.02"]

1. d4 Nf6 2. c4 g6 3. Nc3 d5 4. cxd5 Nxd5 5. e4 Nxc3 6. bxc3 Bg7 7. Nf3 c5 8.
Be3 O-O 9. Rc1 Qa5 10. Qd2 Nd7 11. Bd3 e5 12. Bh6 cxd4 13. Bxg7 Kxg7 14. cxd4
Qxd2+ 15. Kxd2 exd4 16. Nxd4 b6 17. Ke3 Nc5 18. Rhd1 Bb7 19. f3 Rad8 20. Bb5 Rc8
21. Nb3 Nxb3 22. axb3 Rxc1 23. Rxc1 Rc8 1/2-1/2

[Event "chess.com Speed 2019"]
[Site "chess.com INT"]
[Date "2019.11.18"]
[Round "2.11"]
[White "Nepomniachtchi, Ian"]
[Black "Ding, Liren"]
[Result "1/2-1/2"]
[WhiteTitle "GM"]
[BlackTitle "GM"]
[WhiteElo "2776"]
[BlackElo "2811"]
[WhiteFideId "4168119"]
[BlackFideId "8603677"]
[EventDate "2019.09.02"]

1. e4 c5 2. Nf3 d6 3. d4 cxd4 4. Nxd4 Nf6 5. Nc3 a6 6. Bd3 e5 7. Nde2 Be7 8. O-O
Nc6 9. Ng3 Be6 10. a3 Rc8 11. Re1 h6 12. Nf1 d5 13. exd5 Nxd5 14. Nxd5 Qxd5 15.
Ne3 Qd7 16. Qh5 g6 17. Qd1 O-O 18. Nc4 Bxc4 19. Bxc4 Qxd1 20. Rxd1 Nd4 21. Bd3
Nxc2 22. Bxc2 Rxc2 23. Bxh6 Rfc8 24. Rac1 g5 25. Rxc2 Rxc2 26. h4 gxh4 27. b4
Ra2 28. Rd7 Bf6 29. Rxb7 Rxa3 30. Rb6 Be7 31. Rb7 Bf6 32. Rb6 Be7 33. Rb7 Bf6 1/2-1/2

[Event "chess.com Speed 2019"]
[Site "chess.com INT"]
[Date "2019.11.18"]
[Round "2.12"]
[White "Ding, Liren"]
[Black "Nepomniachtchi, Ian"]
[Result "1/2-1/2"]
[WhiteTitle "GM"]
[BlackTitle "GM"]
[WhiteElo "2811"]
[BlackElo "2776"]
[WhiteFideId "8603677"]
[BlackFideId "4168119"]
[EventDate "2019.09.02"]

1. Nf3 Nf6 2. c4 c5 3. g3 Nc6 4. Bg2 d5 5. cxd5 Nxd5 6. d4 cxd4 7. Nxd4 Ndb4 8.
Nxc6 Qxd1+ 9. Kxd1 Nxc6 10. Nc3 Bd7 11. Be3 g6 12. Rc1 Bg7 13. Ke1 O-O 14. f4 e5
15. Kf2 exf4 16. gxf4 Be6 17. Rhd1 Rfd8 18. Rxd8+ Rxd8 19. b3 Bxc3 20. Rxc3 Bd5
21. Bf1 f5 22. a3 Kf7 23. b4 a6 24. Bb6 Rd7 25. e3 Be4 26. Bc4+ Kf6 27. Ke1 h6
28. h4 g5 29. hxg5+ hxg5 30. fxg5+ Kxg5 31. Be2 Ne5 32. Bc7 Kf6 33. Bxe5+ 1/2-1/2

[Event "chess.com Speed 2019"]
[Site "chess.com INT"]
[Date "2019.11.18"]
[Round "2.13"]
[White "Nepomniachtchi, Ian"]
[Black "Ding, Liren"]
[Result "1-0"]
[WhiteTitle "GM"]
[BlackTitle "GM"]
[WhiteElo "2776"]
[BlackElo "2811"]
[WhiteFideId "4168119"]
[BlackFideId "8603677"]
[EventDate "2019.09.02"]

1. e4 e5 2. Nf3 Nc6 3. Bb5 a6 4. Ba4 Nf6 5. O-O Be7 6. Re1 b5 7. Bb3 d6 8. c3
O-O 9. d4 Bg4 10. Be3 Bh5 11. h3 exd4 12. cxd4 Na5 13. Bc2 Nc4 14. Bc1 c5 15. b3
Nb6 16. Nbd2 Re8 17. a4 bxa4 18. bxa4 cxd4 19. g4 Bg6 20. Nxd4 Bf8 21. Nf5 Nbd7
22. Nf1 d5 23. exd5 Rxe1 24. Qxe1 Rc8 25. Qd1 Nxd5 26. N1g3 Ne5 27. Bb3 Nb4 28.
Qxd8 Rxd8 29. Bf4 Ned3 30. Be3 Rc8 31. h4 Rc3 32. Nd4 Bc5 33. Nge2 Bxd4 34. Nxd4
h5 35. Bd2 Rc8 36. Nf5 Re8 37. Ng3 hxg4 38. h5 Bh7 39. Rd1 a5 40. Bc3 Be4 41.
Bxb4 Nxb4 42. Rd7 Kh7 43. Bxf7 1-0

[Event "chess.com Speed 2019"]
[Site "chess.com INT"]
[Date "2019.11.18"]
[Round "2.15"]
[White "Nepomniachtchi, Ian"]
[Black "Ding, Liren"]
[Result "1-0"]
[WhiteTitle "GM"]
[BlackTitle "GM"]
[WhiteElo "2776"]
[BlackElo "2811"]
[WhiteFideId "4168119"]
[BlackFideId "8603677"]
[EventDate "2019.09.02"]

1. e4 e5 2. Nf3 Nc6 3. Bb5 a6 4. Ba4 Nf6 5. O-O Be7 6. Re1 b5 7. Bb3 d6 8. c3
O-O 9. d4 Bg4 10. Be3 Bh5 11. Nbd2 exd4 12. cxd4 Na5 13. Bc2 c5 14. h3 cxd4 15.
Bxd4 Nc6 16. Be3 d5 17. Rc1 Rc8 18. exd5 Nxd5 19. Bf5 Rc7 20. Qb3 Nxe3 21. Qxe3
Bf6 22. Qb6 Qd6 23. Ne4 Qf4 24. Nxf6+ gxf6 25. Rxc6 Rxc6 26. Qxc6 Qxf5 27. g4
Bxg4 28. hxg4 Qxg4+ 29. Kh1 Rc8 30. Qxf6 1-0

[Event "chess.com Speed 2019"]
[Site "chess.com INT"]
[Date "2019.11.18"]
[Round "2.16"]
[White "Ding, Liren"]
[Black "Nepomniachtchi, Ian"]
[Result "1/2-1/2"]
[WhiteTitle "GM"]
[BlackTitle "GM"]
[WhiteElo "2811"]
[BlackElo "2776"]
[WhiteFideId "8603677"]
[BlackFideId "4168119"]
[EventDate "2019.09.02"]

1. c4 e5 2. g3 Nf6 3. Bg2 d5 4. cxd5 Nxd5 5. Nf3 Nc6 6. O-O Nb6 7. b3 Be6 8. Bb2
f6 9. Nc3 Qd7 10. Qc2 O-O-O 11. Rac1 Kb8 12. Rfd1 Nd4 13. Nxd4 exd4 14. Ne4 d3
15. exd3 h5 16. h4 c6 17. Re1 Bh3 18. d4 Bxg2 19. Kxg2 Nd5 20. Nc5 Bxc5 21. dxc5
g5 22. Rh1 Rhg8 23. Qc4 Rde8 24. Rce1 Nf4+ 25. gxf4 Qg4+ 26. Kf1 Rxe1+ 27. Kxe1
Re8+ 28. Kf1 gxf4 29. Bxf6 Qf3 30. Rh2 Qd1+ 31. Kg2 Qg4+ 1/2-1/2